印度尼西亚所有官方城市(城市点位地图版) - Statistics

General Stats
  • This quiz has been taken 6 times
  • The average score is 18 of 95
Answers on the Map
Answers color-coded by a green-red scale on the quiz's map according to % correct below.
 
Answer Stats
地区 城市 % Correct
苏门答腊 巨港
100%
爪哇 雅加达
100%
爪哇 万隆
100%
爪哇 泗水
100%
苏门答腊 棉兰
80%
爪哇 三宝垄
80%
爪哇 日惹
80%
加里曼丹 巴厘巴板
80%
苏门答腊 班达亚齐
60%
小巽他 登巴萨
60%
加里曼丹 三马林达
60%
苏拉威西 望加锡
60%
苏门答腊 巴东
40%
苏门答腊 班达楠榜
40%
苏门答腊 巴淡
40%
爪哇 勿加泗
40%
爪哇 茂物
40%
爪哇 井里汶
40%
爪哇 玛琅
40%
加里曼丹 坤甸
40%
加里曼丹 马辰
40%
加里曼丹 努山塔拉
40%
苏拉威西 万鸦老
40%
马鲁古 安汶
40%
苏门答腊 北干巴鲁
20%
苏门答腊 明古鲁
20%
苏门答腊 丹戎槟榔
20%
爪哇 打横
20%
爪哇 梭罗
20%
爪哇 北加浪岸
20%
爪哇 直葛
20%
爪哇 唐格朗
20%
爪哇 南唐格朗
20%
爪哇 西冷
20%
爪哇 芝勒贡
20%
小巽他 马塔兰
20%
小巽他 比马
20%
小巽他 古邦
20%
加里曼丹 山口洋
20%
苏拉威西 哥伦打洛
20%
马鲁古 特尔纳特
20%
巴布亚 索龙
20%
巴布亚 查亚普拉
20%
苏门答腊 司马威
0%
苏门答腊 兰沙
0%
苏门答腊 苏布鲁萨兰
0%
苏门答腊 沙璜
0%
苏门答腊 民礼
0%
苏门答腊 先达
0%
苏门答腊 巴东石林潘
0%
苏门答腊 丹戎巴来
0%
苏门答腊 直名丁宜
0%
苏门答腊 古农西托利
0%
苏门答腊 实武牙
0%
苏门答腊 帕亚孔布
0%
苏门答腊 武吉丁宜
0%
苏门答腊 帕里亚曼
0%
苏门答腊 索洛克
0%
苏门答腊 沙哇伦多
0%
苏门答腊 巴当班让
0%
苏门答腊 杜迈
0%
苏门答腊 占碑
0%
苏门答腊 双溪珀努
0%
苏门答腊 卢布林高
0%
苏门答腊 普拉布穆利
0%
苏门答腊 帕加拉兰
0%
苏门答腊 默特罗
0%
苏门答腊 邦加槟港
0%
爪哇 德波
0%
爪哇 芝马墟
0%
爪哇 苏加武眉
0%
爪哇 班贾尔
0%
爪哇 沙拉迪加
0%
爪哇 马格朗
0%
爪哇 谏义里
0%
爪哇 庞越
0%
爪哇 峇都
0%
爪哇 岩望
0%
爪哇 茉莉芬
0%
爪哇 勿里达
0%
爪哇 莫佐克托
0%
加里曼丹 帕朗卡拉亚
0%
加里曼丹 班贾尔巴鲁
0%
加里曼丹 邦唐
0%
加里曼丹 打拉根
0%
苏拉威西 比通
0%
苏拉威西 哥打莫巴古
0%
苏拉威西 托莫洪
0%
苏拉威西 帕卢
0%
苏拉威西 帕洛波
0%
苏拉威西 巴里巴里
0%
苏拉威西 肯达里
0%
苏拉威西 巴务巴务
0%
马鲁古 土瓦
0%
马鲁古 蒂多雷群岛
0%
No matching quizzes found
Score Distribution
Percent of People with Each Score
Percentile by Number Answered
Your Score History
You have not taken this quiz